000 00671nam a2200289Ia 4500
005 20260324113032.0
008 008 260324s9999 xx 000 0 eng d
020 _a9781003510369
037 _aEBOOK
040 _aCRL
040 _beng
040 _cCRL
041 _2eng
041 _aeng
084 _qCRL
100 _aYahachi Saito
_91145156
245 0 _aEmerging Carbyne
245 0 _bTruly One-Dimensional Form of Carbon
260 _bTaylor and Francis
260 _c2024
365 _a
365 _b290
856 _uhttp://www.taylorfrancis.com/books/9781003510369
942 _cEBOOK
999 _c1734594
_d1734594